000 00712nam a2200217 a 4500
005 20210219152142.0
008 991125s1975 mx 000 0 spa u
035 _aUPN01000047977
049 _aCG
050 4 _aHV112
_bR4 no.15
100 1 _aNava Contreras, Humberto
245 1 0 _aProgramas de vacunación en México /
_cHumberto Nava Contreras ; colab. Oscar Borunda Falcón ... [et al.].
260 _aMéxico :
_bSSA,
_c1975.
300 _a[76] p.
440 0 _aIV Reunión Nacional de Salud Pública ;
_v15
500 _a"Control de enfermedades transmisibles"
500 _aDisponible en la Colección Medina
650 4 _aVACUNACION
700 1 _aBorunda Falcón, Oscar,
_ecolab.
905 _aLibro
999 _c47977
_d47977